| 000 | 00746nam a2200217 a 4500 | ||
|---|---|---|---|
| 001 | 3334432 | ||
| 005 | 20180202081822.0 | ||
| 008 | 850503s1985 wiua b 100 0 eng | ||
| 010 | _a 85050636 | ||
| 020 | _a0891187766 (pbk.) | ||
| 040 |
_aDLC _cDLC _dDLC |
||
| 041 | _aeng | ||
| 080 | _a631.43 DOU | ||
| 082 | 0 | 0 |
_a631.43 DOU _219 |
| 100 | _a42 | ||
| 101 | _aGJEO | ||
| 245 | 0 | 0 |
_aSoil micromorphology and soil classification : _cLowell A. Douglas and Michael L. Thompson, editors. |
| 504 | _aIncludes bibliographies. | ||
| 906 |
_a7 _bcbc _corignew _d2 _eocip _f19 _gy-gencatlg |
||
| 942 |
_2ddc _cBK |
||
| 999 |
_c41683 _d41683 |
||